[Event "Wch U12"]
[Site "Batumi"]
[Date "2022.09.19"]
[Round "4"]
[White "Mungal, Ethan"]
[Black "Shamatava, Ioseb"]
[Result "1-0"]
[WhiteElo "1493"]
[BlackElo "1175"]
[PlyCount "63"]
[EventDate "2022.09.16"]
[EventType "swiss"]
[EventRounds "11"]
[EventCountry "GEO"]
[SourceTitle "EXT 2023"]
[Source "ChessBase"]
[SourceDate "2022.10.05"]
[SourceVersion "1"]
[SourceVersionDate "2022.10.05"]
[SourceQuality "1"]

1. d4 d5 2. c4 c6 3. Nf3 e6 4. g3 Nf6 5. Bg2 Be7 6. 0-0 dxc4 7. Qc2 b5 8. a4 a6 9. Rd1 Bb7 10. Na3 0-0 11. e4 Nbd7 12. Bf4 Nb6 13. axb5 cxb5 14. Ng5 Nh5 15. e5 Bxg5 16. Bxg5 Qxg5 17. Bxb7 Ra7 18. Be4 Na4 19. Bxh7+ Kh8 20. Be4 g6 21. Nxc4 Rc8 22. b3 Nb6 23. Qd2 Qd8 24. Nd6 Rcc7 25. Rdc1 Rxc1+ 26. Rxc1 Rc7 27. Rc6 Nd5 28. g4 Nhf4 29. Bxd5 Nxd5 30. Rxc7 Qxc7 31. Qh6+ Kg8 32. Ne8 1-0